000 00486cam a2200169 i 4500
005 20260222112425.0
008 250721s9999 jo gr 000 0 eng d
082 1 4 _a574
_bh a s
100 1 _ahassawi, dhia sadulah
_eAuthor.
245 1 0 _ageneral biology /
_cDhia Sadulah Hassawi.
264 3 1 _ajordan :
_bdar wael for printing-publishing,
_c2003.
300 _a196 Page.
650 1 7 _aGENERAL BIOLOGY.
650 1 7 _aBIOLOGY.
942 _2ddc
_cBK
999 _c97609
_d97609